000 nam a22 a 4500
999 _c4081
_d4081
003 AKMAL
005 20170525091856.0
008 170525s2001 my ao g 00 0 may d
020 _a9834023405:
_cRM100.00
039 9 _a200705221152
_bfaridah
040 _aAKMAL
_cAKMAL
043 _aa-my---
049 0 0 _amal
082 0 4 _a915.49604 MOH
_221
090 0 0 _a915.49604
_bMOH
100 0 _aMohd Noor Mat Amin,
_d1967-
_97985
245 1 0 _aJejak ke puncak :
_bprojek Malaysia - Everest '97 /
_cMohd Noor Mat Amin
260 _aKuala Lumpur :
_bJejak Puncak,
_c2001
300 0 0 _a200ms. :
_bil. wrn. ;
_c31cm
500 _aMengandungi indeks
650 0 _aMountaineering
_zEverest, Mount (China and Nepal)
_97986
650 0 _aMountaineers
_zMalaysia
_97987
650 0 _aSuccessful people
_zMalaysia
_92501
942 _2ddc
_cBOOK